| 000 | 00478nam a22001697a 4500 | ||
|---|---|---|---|
| 005 | 20260311171004.0 | ||
| 008 | 260311b |||||||| |||| 00| 0 eng d | ||
| 020 | _a978-81-943455-3-4 | ||
| 041 | _aeng | ||
| 082 | _a622.34 PRA-S | ||
| 100 |
_aPRADHAN, D.S. _98904 |
||
| 245 | _aSUBSURFACE MINE HAZARDS & SAFETY ( Theory, solved examples and workbook practice questions) | ||
| 260 |
_aHYDERABAD _bPLANET PUBLISHING HOUSE |
||
| 300 | _a188;P | ||
| 650 | _aMINING | ||
| 942 | _cBK | ||
| 999 |
_c9093 _d9091 |
||